[Event "Floripa Chess Open 2024"]
[Site "Florianopolis"]
[Date "2024.01.28"]
[Round "10.51"]
[White "Araujo, Renan Aparecido"]
[Black "De Oliveira, Jairo Quintiliano"]
[Result "1/2-1/2"]
[WhiteElo "2062"]
[BlackElo "1840"]
[PlyCount "42"]
[EventDate "2024.01.20"]
[EventRounds "10"]
[EventCountry "BRA"]

1. d4 d5 2. Nf3 Nf6 3. e3 e6 4. Bd3 Nbd7 5. O-O Bd6 6. Nbd2 O-O 7. b3 e5 8.
dxe5 Nxe5 9. Be2 Re8 10. Bb2 Qe7 11. c4 dxc4 12. Nxc4 Nxc4 13. Bxc4 Bg4 14. h3
Bh5 15. Be2 Rad8 16. Qc1 $146 ({RR} 16. Nd4 Bg6 17. Qc1 c6 18. Bc4 Bb8 19. Rd1
Qe5 20. f4 Qxe3+ 21. Qxe3 Rxe3 22. Nxc6 Rxd1+ 23. Rxd1 bxc6 24. Bxf6 Re8 25.
Be5 Bxe5 26. fxe5 Kf8 27. Rd7 Re7 28. Rd8+ Re8 29. Rxe8+ Kxe8 30. Kf2 Kd7 {
Nguyen,T (1882)-Tran,T (1921) Vietnam 2016 1/2-1/2 (49)}) 16... Ne4 17. Rd1 Bc5
18. Bd4 Bxd4 19. Rxd4 Rxd4 20. Nxd4 Bxe2 21. Nxe2 Rd8 1/2-1/2

[Event "Floripa Chess Open 2024"]
[Site "Florianopolis"]
[Date "2024.01.28"]
[Round "10.52"]
[White "Eger, Laura Luisa"]
[Black "Martins, Anderson Donay"]
[Result "0-1"]
[WhiteElo "1848"]
[BlackElo "2058"]
[PlyCount "54"]
[EventDate "2024.01.20"]
[EventRounds "10"]
[EventCountry "BRA"]

1. e4 e6 2. d4 d5 3. Bd3 dxe4 4. Bxe4 Nf6 5. Bf3 c5 6. Ne2 Nc6 7. Be3 cxd4 8.
Nxd4 Ne5 9. O-O a6 10. Nc3 Bd6 11. Qe2 Qc7 12. h3 O-O $146 ({RR} 12... Bd7 13.
Rad1 O-O 14. Bg5 Nxf3+ 15. Nxf3 Nd5 16. Nxd5 exd5 17. Nd4 Be5 18. Qd2 h6 19.
Be3 Rac8 20. c3 Rfe8 21. f4 Bf6 22. Nf3 Bc6 23. Bd4 Bxd4+ 24. Nxd4 Re4 25. f5
Rce8 26. f6 g5 27. Nf5 {Grandic,Z (2200)-Zekic,P (1650) Mali Losinj CRO 2019
1-0 (32)}) 13. Rfd1 Bd7 14. a4 Rac8 15. Nb3 Nxf3+ 16. Qxf3 Bc6 17. Qe2 Nd5 18.
Nxd5 Bxd5 19. Nd4 f5 20. Rac1 Bc4 21. Qe1 e5 22. Nb3 f4 23. Bd2 f3 24. Ba5 b6
25. Qd2 bxa5 26. Qxd6 Qxd6 27. Rxd6 Bxb3 0-1

[Event "Floripa Chess Open 2024"]
[Site "Florianopolis"]
[Date "2024.01.28"]
[Round "10.53"]
[White "Urquiza, Marcello De Albuque"]
[Black "Moyses Sobrinho, Elias"]
[Result "1-0"]
[WhiteElo "2050"]
[BlackElo "1844"]
[PlyCount "30"]
[EventDate "2024.01.20"]
[EventRounds "10"]
[EventCountry "BRA"]

1. e4 d5 2. exd5 Nf6 3. d4 Nxd5 4. Nf3 Bf5 5. Be2 e6 6. O-O Be7 7. a3 O-O 8. c4
Nb6 9. Nc3 Bf6 10. h3 h6 ({RR} 10... Nc6 11. Be3 Qe7 12. g4 Bg6 13. g5 Nxd4 14.
gxf6 Nxe2+ 15. Qxe2 gxf6 16. Rad1 Kh8 17. Kh2 Bh5 18. Bd4 e5 19. Bxb6 axb6 20.
Qe3 Qe6 21. Nd5 Qf5 22. Nh4 Qg5 23. Qxg5 fxg5 24. Nf5 Bxd1 25. Rxd1 {Turov,M 
(2543)-Vlassov,N (2492) chessassistantclub.com INT 2004 1-0 (53)}) ({RR} 10...
Nc6 11. Be3 Re8 12. Rc1 a5 13. Re1 h6 14. Bf1 Ne7 15. Bf4 g5 16. Be5 Nc6 17. g4
Bh7 18. Nb5 Bxe5 19. dxe5 Qe7 20. Bd3 Bxd3 21. Qxd3 Rad8 22. Qe2 Rd7 23. Red1
Red8 24. b3 a4 25. b4 {Rosenbaumova,L (1432)-Hajiyeva,L (1800) Prague 2016 0-1
(35)}) 11. Be3 Nc6 12. b4 Qd7 13. Qb3 $146 ({RR} 13. Qd2 Rad8 14. Rad1 Qc8 15.
Qc1 Rd7 16. b5 Ne7 17. a4 Qd8 18. a5 Nbc8 19. Ne5 Bxe5 20. dxe5 Bd3 21. Bxd3
Rxd3 22. Qc2 Rd7 23. Rxd7 Qxd7 24. Rd1 Qe8 25. Qd3 b6 26. Qd7 c5 27. Qxe8 Rxe8
{Johansson,G (2233)-Buchnicek,P (2325) Bled 2003 1/2-1/2 (64)}) ({RR} 13. Ra2
Rad8 14. Rd2 Qe7 15. Qb3 Rd7 16. Rfd1 Rfd8 17. Bf1 Bg6 18. g3 Kh8 19. Bg2 Kg8
20. g4 Kh8 21. d5 Ne5 22. Nxe5 Bxe5 23. f4 Bf6 24. Bc5 Qe8 25. Re2 Nc8 26. Rde1
b6 27. Bf2 Qf8 {Csolto,R (2315)-Madar,M (2121) Slovakia 2008 1/2-1/2}) 13... e5
14. dxe5 Nxe5 15. Rad1 Qc8 1-0

[Event "Floripa Chess Open 2024"]
[Site "Florianopolis"]
[Date "2024.01.28"]
[Round "10.54"]
[White "Lima, Vinicius Taishun"]
[Black "Pimenta, Elisandro Da Silva"]
[Result "0-1"]
[WhiteElo "2047"]
[BlackElo "1829"]
[PlyCount "62"]
[EventDate "2024.01.20"]
[EventRounds "10"]
[EventCountry "BRA"]

1. e4 {Stohl,I} c5 2. Nf3 Nc6 3. d4 cxd4 4. Nxd4 Nf6 5. Nc3 e6 6. Nxc6 ({RR} 6.
Ndb5 d6 7. Bf4 e5 8. Bg5 a6 9. Na3 b5 10. Nd5 Be7 11. Bxf6 Bxf6 12. c4 ({RR} 
12. Nb1 Rb8 13. Nd2 Be6 14. Nf3 O-O 15. c3 Bg5 16. Be2 Bh6 17. O-O Ne7 18.
Nxe7+ Qxe7 19. Qc2 Rfc8 20. Rfd1 a5 21. Bd3 Qc7 22. Qe2 b4 23. Ba6 Rd8 ({RR} 
23... bxc3 24. Bxc8 Rxb2) 24. c4 Rf8 25. Nh4 g6 26. b3 Bg5) ({RR} 12. c3 Ne7
13. Nc2 ({RR} 13. Nxf6+) 13... Nxd5 14. Qxd5 Rb8 15. Nb4 Bb7 16. Qd3 O-O 17.
Be2 a5 18. Nd5 b4 19. O-O bxc3 20. bxc3 Bg5 21. Rab1 Qd7 22. Rb3 Bc6 23. Rfb1
Rxb3 24. Rxb3 g6 25. Rb6 Rc8 26. h3 Bxd5) 12... b4 13. Nc2 O-O 14. Be2 ({RR} 
14. g3 a5 15. h4 Be6 16. Qd2 ({RR} 16. Bh3 a4 17. Bxe6 fxe6 18. Ndxb4 Nxb4 19.
Nxb4 Qb6 20. Qd2 Be7) 16... a4 17. Ndxb4 Qb6 18. a3 Na5 19. Rd1 Qb7 20. Ne3 Nb3
21. Qc3 Nd4 22. Bd3 Bd8 23. O-O Bh3) 14... a5 15. O-O Bg5 16. Qd3 Be6 17. Rad1
Ra7 ({RR} 17... Bxd5 18. Qxd5 Qb6 19. b3 Rfd8) 18. Bf3 g6 19. Qe2 Qb8 20. b3 a4
) 6... bxc6 7. e5 Nd5 8. Ne4 Qc7 ({RR} 8... Bb7 9. Be2 c5 10. O-O Qc7 11. Nd6+
({RR} 11. c4 Ne3 12. Bxe3 Bxe4 13. Bf4 Be7 14. Rc1 Qb7 15. f3 Bc6 16. Rc2 O-O
17. Rd2 a5 18. Qc2 f5 19. exf6 gxf6 20. Bd3 Rf7 21. Be4 Ra6 22. Rfd1) 11...
Bxd6 12. exd6 Qc6 13. f3 c4 14. Qd4 O-O 15. Bxc4 Rfc8 16. b3 Qxd6 17. Rd1 Qb6
18. Qxb6 axb6 19. a4 Nb4 ({RR} 19... Bc6 20. Bd2 Nf6 21. Bf1 d5 22. Be3 Nd7 23.
c4 Nc5 24. Rab1 Nxb3 25. cxd5 Bxd5 26. Rxd5 exd5 27. Rxb3 Rxa4 28. Bxb6) ({RR} 
19... f6) 20. Rxd7 Bc6 ({RR} 20... Nxc2 21. Rb1 Bc6) 21. Rd2 b5 22. Ba3 bxc4
23. Bxb4) 9. f4 Qb6 10. c4 Bb4+ 11. Ke2 f5 12. exf6 ({RR} 12. Nf2 Ba6 13. Kf3
Ne7 14. Be3 Bc5 15. Bxc5 Qxc5 16. Qd6 Qa5 ({RR} 16... Qb6 17. b3) 17. Be2 g5
18. Rhd1 Rd8 19. g3 g4+ ({RR} 19... Ng6 20. Ke3 gxf4+ 21. gxf4 Rg8 22. b3 Qb6+
23. Rd4 c5 24. Qxb6 axb6 25. Rd6 Rb8 26. Rad1) 20. Kg2 c5 21. Kg1 Nc8 ({RR} 
21... h5) 22. Qd2 Qb6 23. Rab1 Qc6 24. b4 Bb7 25. Bf1 cxb4 26. Qxb4 Ba8) 12...
Nxf6 13. Be3 Qd8 ({RR} 13... Qa5 14. Nxf6+ gxf6 15. Kf2 O-O 16. Bd3 Rf7 17. a3
Bc5 18. Re1 Rg7 19. Qc1 ({RR} 19. b4 Bxe3+ 20. Rxe3 Qc7 21. g3) 19... Bb7 20.
b4 Bxe3+ 21. Rxe3 Qc7 22. Rg3 c5 ({RR} 22... a5) 23. Qe3 f5 24. Rxg7+ Kxg7 25.
Rg1 h5 26. h3) 14. Nxf6+ ({RR} 14. Nd6+ Bxd6 15. Qxd6 Bb7 16. Rd1 ({RR} 16. Kd1
c5 17. Qxc5 ({RR} 17. Bxc5 Ne4 18. Qe5 Nxc5 19. Qxc5 Qf6 ({RR} 19... Rc8)) ({RR
} 17. Bd3 Rc8 18. Re1 Be4 ({RR} 18... Qb6 19. Qxb6 axb6) 19. Bxe4 Nxe4 20. Qe5
Nf6 21. Kc2 ({RR} 21. Bxc5 Kf7 22. Ke2) 21... Qa5 22. Bd2 Qa6 23. Qe2 O-O 24.
Bc3 Ne8) 17... Be4 18. Qd6 ({RR} 18. Be2 Rc8 19. Qa3 ({RR} 19. Qxa7 O-O) 19...
d6 20. Ke1 ({RR} 20. Qa4+ Rc6 21. Qxa7 O-O) 20... O-O 21. Rd1 d5 22. Bd4 Rf7 ({
RR} 22... Qe8) 23. c5 ({RR} 23. Qa6) 23... a5 ({RR} 23... Bxg2 24. Rg1 Be4 25.
b4 Bf5) 24. Rf1 ({RR} 24. Rg1) 24... Bxg2 25. Rg1 Be4 26. Qg3 Bg6 27. Bf3 Qf8
28. h4 Nd7 29. h5 Bf5) 18... Rc8 19. Bxa7 Rc6 20. Qb8 Rc8 21. Qd6 Rc6 22. Qb8
Rc8 23. Qe5 O-O 24. Bd4 ({RR} 24. Be2 Qe7 25. Bd4 d6 26. Qg5 e5 27. fxe5 dxe5
28. Bc3 Qa7 29. Rf1 Bg6 30. Rf3 Qg1+ 31. Rf1 Qb6 32. Rf3 Ne4) 24... Kh8 ({RR} 
24... Qe7) ({RR} 24... Bf5) 25. Be2 d5 26. c5 Qa5 27. a3 Rxc5 28. Bxc5 Qxc5 29.
Rc1 Qb6) ({RR} 16. Kd3 c5 17. Kc2 Rc8 ({RR} 17... Ne4) 18. Bd3 Qb6 19. Qxb6
axb6 20. Rhe1 Bxg2 21. Rg1 Be4 22. Rxg7 Bg6 23. Bxg6+ hxg6 24. Rg1 Rxh2+ 25.
Kc1 Ra8 26. Kb1 Re2 27. Bc1 Ra4 28. R7xg6 Ne4) 16... Rc8 ({RR} 16... c5 17.
Qxc5 Be4 18. Ke1 ({RR} 18. Rd4 Qb8 19. b3 Kf7 20. Rg1 Rc8 21. Qe5 Qb7 22. Rd6
Rc6 23. Ke1 Qb4+ 24. Rd2 Bf5 25. Be2) 18... Rc8 19. Qa3 Rf8 20. Be2 Kf7 21. Rg1
Kg8 22. Qxa7 d5 23. c5 Bc2 24. Rc1 d4 25. Rxc2 dxe3 26. Qa4 Qe7 27. Qc4 Nd5 28.
g3 Kh8 29. Bf3 Qf6 30. c6) 17. g4 ({RR} 17. Qc5 Qb6 18. Qxb6 axb6 19. Bxb6 c5
20. a4 d5 21. a5 Nd7 22. Kf2 Rf8 23. Kg3 Nxb6 24. axb6 Rc6 25. cxd5 Rxb6) ({RR
} 17. c5 Ba6+ 18. Kf3 Bxf1 19. Rhxf1 Nd5 20. g3 Rf8 21. Rfe1 Qc7 22. Qxc7 Rxc7
23. h4 Nxe3 24. Rxe3 Rb7 25. b3 Rf5 26. Re5 Rxe5 27. fxe5 Rb4 28. Rd3 h5 29. a3
) 17... c5 ({RR} 17... Nxg4 18. Bc5) 18. Rg1 Rf8 ({RR} 18... Qe7 19. Bg2 Qxd6
20. Rxd6 Ke7 21. Bxb7 Kxd6 22. Rd1+ Ke7 23. g5 Nh5 24. Bxc8 Rxc8 25. Rd3 d6 26.
Ra3 Rc7 27. Kd3 Kd7 28. Ra5 Kc8 29. a3 Rf7 30. Ra6) ({RR} 18... Rc6 19. Qe5 O-O
20. Bg2 d5 ({RR} 20... Nxg4 21. Qc3 d5 22. cxd5 Ba6+ 23. Kd2 Nxe3 24. Kxe3 Rb6
25. Bh3) 21. cxd5 Ba6+ 22. Ke1 ({RR} 22. Kd2 Bc4 23. Kc1 exd5 24. Qc3) 22...
Nxg4 23. Qh5 Nxe3 24. Be4) 19. f5 ({RR} 19. Bxc5 Rf7) 19... Qb6 ({RR} 19...
exf5 20. Bxc5) ({RR} 19... Ne4 20. Qe5 Qf6 21. Qxf6 Rxf6) 20. fxe6 dxe6 21. g5
Nd5 ({RR} 21... Qxd6 22. Rxd6 Ke7 23. Rxe6+ ({RR} 23. Rd3 Ng4 24. Bg2 Bxg2 25.
Rxg2 Nxe3 26. Kxe3 Rf5) ({RR} 23. gxf6+ Kxd6 24. fxg7 Rg8 25. Bh6) 23... Kxe6
24. Bh3+ Kf7 25. Bxc8 Rxc8 26. gxf6 gxf6) 22. Qxb6 Nxb6 23. Ke1 Nd7 24. Be2 Ke7
({RR} 24... Bf3 25. Rf1 Bxe2 26. Rxf8+ Nxf8 ({RR} 26... Kxf8 27. Rxd7 Bxc4 28.
Rxa7) 27. Kxe2) ({RR} 24... Ne5) 25. Rd3 Be4 ({RR} 25... Ne5 26. Ra3 a6 27. Ra5
Kd6 28. Rf1) 26. Ra3 Rc7 27. Kd2 e5 28. Rf1 Rb8 {Karjakin,S (2762)-Yu,Y (2721)
Baku 2015 CBM 169 [Stohl,I] 1-0 (40)} ({RR} 28... Rxf1 29. Bxf1)) ({RR} 14.
Nd6+ Bxd6 15. Qxd6 Bb7 16. Rd1 Rc8 17. Rg1 c5 18. g4 Rc6 19. Qe5 O-O 20. g5 Nh5
21. Bh3 d6 22. Bxe6+ Kh8 23. Qc3 Nxf4+ 24. Bxf4 Rxf4 25. Rdf1 Rxf1 26. Rxf1 Qe8
27. Kd2 Rc7 28. Qg3 Qe7 {Medarde Santiago,L (2354)-Molina Rodriguez,B (2170)
Linares ESP 2021 1-0 (31)}) 14... Qxf6 15. Qd4 Be7 16. c5 $146 ({RR} 16. Rd1
Qf7 17. g3 O-O 18. Bg2 d5 19. cxd5 exd5 20. Kf2 Be6 21. Qc3 {1/2-1/2 (21) Van
Assendelft,F (2332)-Maenhout,T (2312) Groningen 2009}) ({RR} 16. Rd1 Qf7 17.
Kf2 c5 18. Qe5 O-O 19. Be2 d6 20. Rxd6 Bxd6 21. Qxd6 Bb7 22. Rd1 Qg6 23. Bf1
Qf6 24. Qxc5 Qxb2+ 25. Rd2 Qf6 26. Qc7 Rf7 27. Qd6 e5 28. c5 exf4 29. Bd4 Qh4+
30. Kg1 Rd8 {Faure,J (2200)-Domont,A (2260) Geneve 1988 0-1 (34)}) ({RR} 16.
Rd1 Qf7 17. c5 O-O 18. b3 Qh5+ 19. Kd2 Rf5 20. g4 Qxg4 21. Rg1 Qxg1 22. Bxg1
Rd5 23. Bc4 Rxd4+ 24. Bxd4 Kf7 25. f5 a5 26. Rg1 Bf6 27. Kc3 Ba6 28. Bxf6 gxf6
29. fxe6+ dxe6 30. Rd1 Bxc4 {Matinian,N (2472)-Kokarev,D (2611) St Petersburg
2013 0-1 (47)}) 16... Qg6 17. Rd1 Bf6 18. Qd2 O-O 19. Kf2 e5 20. Bd3 exf4 21.
Bxf4 Bd4+ 22. Kf3 Qh5+ 23. Kg3 Be5 24. Bxe5 Qxe5+ 25. Kh4 Rf4+ 26. g4 d5 27.
Rhg1 h5 28. Rde1 Qf6+ 29. Kh3 Bxg4+ 30. Kg2 Bf3+ 31. Kf2 Be4+ 0-1

[Event "Floripa Chess Open 2024"]
[Site "Florianopolis"]
[Date "2024.01.28"]
[Round "10.55"]
[White "Medeiros, Thauane Ferreira"]
[Black "Veloso, Henrique Barbosa"]
[Result "1-0"]
[WhiteElo "1842"]
[BlackElo "2029"]
[PlyCount "93"]
[EventDate "2024.01.20"]
[EventRounds "10"]
[EventCountry "BRA"]

1. d4 Nf6 2. Bf4 g6 3. e3 Bg7 4. Nf3 d6 5. h3 O-O 6. Bc4 Nbd7 7. O-O c5 ({RR} 
7... b6 8. a4 Bb7 9. c3 Ne4 10. a5 a6 11. axb6 cxb6 12. Qb3 Ndf6 13. Nbd2 Qc7
14. Nxe4 Nxe4 15. Bd5 Bxd5 16. Qxd5 Nf6 17. Qb3 Qc6 18. Ra2 Ne4 19. Rfa1 a5 20.
Qa4 b5 21. Qb3 a4 22. Qd1 {Sapis,W (2395)-Andersson,B (2325) Gothenburg 1989 1/
2-1/2}) 8. c3 a6 9. a4 d5 $146 ({RR} 9... Qc7 10. Nbd2 b6 11. Qb3 h6 12. Qc2
Bb7 13. Qxg6 d5 14. Bxc7 fxg6 15. Bb3 Rac8 16. Bh2 e6 17. Ne5 Nxe5 18. Bxe5 Nd7
19. Bxg7 Kxg7 20. f4 Rf7 21. Rf2 Rcf8 22. Raf1 Re7 23. Bc2 Nf6 24. g4 {
Orwatsch,G-Goebel,A Hessen 1998 1-0 (40)}) ({RR} 9... b6 10. Nbd2 Bb7 11. Qc2
Rc8 12. Qd3 e5 13. dxe5 Nxe5 14. Bxe5 dxe5 15. Qxd8 Rfxd8 16. Rfd1 Ne8 17. Be2
Nd6 18. Nc4 Nxc4 19. Bxc4 h6 20. Ne1 e4 21. g3 Kf8 22. Ng2 g5 23. g4 Ke7 24.
Kf1 {Kojima,R (1412)-Predebon,E (1825) Florianopolis BRA 2019 1/2-1/2 (41)}) ({
RR} 9... Rb8 10. Qe2 Ra8 11. Nbd2 Nb6 12. Bd3 Bd7 13. Bc2 Nbd5 14. Bh2 cxd4 15.
exd4 b5 16. axb5 Bxb5 17. c4 Nb4 18. Bxg6 hxg6 19. cxb5 axb5 20. Rxa8 Qxa8 21.
Qxe7 Qb8 22. Qxd6 Qxd6 23. Bxd6 {1-0 (23) Dangelowski,P (1776)-Kronenthal,L 
(1286) Pinneberg 2012}) ({RR} 9... b6 10. Nbd2 Bb7 11. Qe2 Nd5 12. Bg3 Nc7 13.
e4 cxd4 14. Nxd4 e5 15. Nc2 d5 16. exd5 Nxd5 17. Rad1 Qc7 18. Nf3 Nf4 19. Bxf4
exf4 20. Bd5 Rae8 21. Qd2 Nc5 22. Bxb7 Qxb7 23. Qxf4 Re4 24. Qd6 {Djukic,S 
(2195)-Chelushkina,I (2286) Belgrade 2016 1/2-1/2 (64)}) 10. Be2 Qb6 11. a5
Qxb2 12. Ra3 c4 13. Nfd2 Qb5 14. e4 e6 15. Bd6 Ne8 16. Bxf8 Bxf8 17. Ra1 Qc6
18. Bf3 Nd6 19. Re1 b6 20. Na3 b5 21. Nc2 Nb7 22. Ne3 Nf6 23. Ng4 Nxg4 24. hxg4
Bd6 25. Qe2 Bd7 26. g3 Bc7 27. Kg2 Bxa5 28. Qe3 Bd8 29. Rh1 Bf6 30. Qf4 Bg7 31.
Rxh7 Qd6 32. e5 Qe7 33. Rah1 g5 34. Qe3 a5 35. R1h5 f6 36. exf6 Qxf6 37. Ne4
dxe4 38. Bxe4 Nd6 39. Bxa8 b4 40. f4 gxf4 41. gxf4 bxc3 42. Be4 Nxe4 43. Qxe4
c2 44. Qxc2 Qxf4 45. Rxg7+ Kxg7 46. Qh7+ Kf8 47. Qh8+ 1-0

[Event "Floripa Chess Open 2024"]
[Site "Florianopolis"]
[Date "2024.01.28"]
[Round "10.56"]
[White "Souza Dos Santos, Matheus Garcett"]
[Black "Kaneda, Eric Kazuichi"]
[Result "1-0"]
[WhiteElo "2024"]
[BlackElo "1803"]
[PlyCount "66"]
[EventDate "2024.01.20"]
[EventRounds "10"]
[EventCountry "BRA"]

1. e4 c6 2. d4 d5 3. e5 Bf5 4. h4 Qc8 5. Nc3 ({RR} 5. c4 e6 6. Nc3 h6 7. Nge2
Ne7 8. Ng3 Bh7 9. a3 dxc4 10. Bxc4 Nd7 11. Nce4 Nd5 12. O-O Qc7 13. Bd2 N7b6
14. Bb3 Rd8 15. Rc1 Nc8 16. Qg4 Nce7 17. Nd6+ Rxd6 18. exd6 Qxd6 19. Rfe1 Nf6 {
Nepomniachtchi,I (2706)-Sasikiran,K (2681) Khanty-Mansiysk 2010 1-0 (54)}) ({RR
} 5. c4 dxc4 6. Bxc4 e6 7. Nc3 h5 8. Nge2 Bb4 9. a3 Ba5 10. b4 Bb6 11. Ng3 Bg6
12. Nce2 Ne7 13. Nf4 a5 14. Bb2 axb4 15. axb4 Rxa1 16. Bxa1 Na6 17. O-O Nxb4
18. Qb3 c5 19. Bc3 Ned5 {Perez Gormaz,M (2404)-Tomiello,L (2146) chess.com INT
2022 1-0}) 5... f6 $146 ({RR} 5... h6 6. Nge2 e6 7. Nf4 Nd7 8. g4 Bh7 9. Be3
Ne7 10. Bd3 Bxd3 11. Qxd3 Qc7 12. O-O-O O-O-O 13. h5 a6 14. Na4 c5 15. dxc5 Nc6
16. Qe2 Ncxe5 17. Nd3 Nxd3+ 18. Rxd3 Qc6 19. Nb6+ Kb8 20. Nxd7+ {Bellos,I 
(2079)-Kouvatsos,F (2151) Porto Rio 2014 0-1 (37)}) ({RR} 5... h6 6. Be3 e6 7.
g4 Bh7 8. Bd3 Bxd3 9. Qxd3 c5 10. Nf3 c4 11. Qd2 h5 12. gxh5 Rxh5 13. Ne2 Nc6
14. Ng3 Rh8 15. c3 b5 16. h5 b4 17. Kf1 Rb8 18. Kg2 Qa6 19. Qc2 Nh6 20. Ng5 {
Iljiushenok,I (2533)-Sjugirov,S (2663) Khanty-Mansiysk RUS 2018 1/2-1/2 (53)})
({RR} 5... h6 6. h5 e6 7. Bd3 Ne7 8. Nge2 Nd7 9. Bxf5 Nxf5 10. g4 Ne7 11. Be3
c5 12. f4 Nc6 13. Qd2 a6 14. dxc5 Bxc5 15. Bxc5 Nxc5 16. O-O-O Qc7 17. Kb1
O-O-O 18. Qe3 Nd7 19. Nd4 Kb8 20. Nxc6+ {Samsonkin,A (2428)-Jobava,B (2603)
chess.com INT 2021 0-1 (36)}) 6. f4 Nh6 7. Nf3 e6 8. Bd3 Bb4 9. Bxf5 Bxc3+ 10.
bxc3 Nxf5 11. g4 Ng3 12. Rg1 Ne4 13. exf6 gxf6 14. Qd3 Rg8 15. Nd2 f5 16. Nxe4
fxe4 17. Qe2 Qc7 18. g5 Qf7 19. Rb1 Na6 20. Qg4 O-O-O 21. Ba3 Nc7 22. Rf1 Qf5
23. Qxf5 exf5 24. h5 Rd7 25. Ke2 a5 26. Rg1 Nb5 27. Bb2 a4 28. Rg3 Rdg7 29. c4
Nd6 30. cxd5 cxd5 31. Ba3 Nc4 32. Rb4 Kc7 33. Rxa4 Kc6 1-0

[Event "Floripa Chess Open 2024"]
[Site "Florianopolis"]
[Date "2024.01.28"]
[Round "10.57"]
[White "Andrade, Roberto Luiz Costa"]
[Black "De Almeida, Guilherme Pereira"]
[Result "1-0"]
[WhiteElo "1962"]
[BlackElo "1731"]
[PlyCount "39"]
[EventDate "2024.01.20"]
[EventRounds "10"]
[EventCountry "BRA"]

1. e4 d6 2. d4 Nf6 3. Nc3 e5 4. dxe5 dxe5 5. Qxd8+ Kxd8 6. Bc4 Be6 7. Bxe6 fxe6
8. Nf3 Bd6 9. Bg5 a6 10. O-O-O Ke7 11. Rhe1 Nc6 12. Bh4 h6 13. Nb1 b5 14. Nbd2
g5 15. Bg3 Nh5 16. Kb1 $146 ({RR} 16. a3 Rhf8 17. c4 Nf4 18. Bxf4 Rxf4 19. h3
Bc5 20. Re2 Nd4 21. Nxd4 exd4 22. Nf3 Raf8 23. b4 Ba7 24. c5 Rxf3 25. gxf3 e5
26. Rd3 Rf4 27. Re1 Rh4 28. Rh1 a5 29. Kd1 a4 30. Ke2 c6 {Makropoulou,M (2270)
-Raptis,G Athens 1993 1-0 (54)}) 16... Nf4 17. Rg1 Ne2 18. Rge1 Nf4 19. Rg1 Ne2
20. Rgf1 1-0

[Event "Floripa Chess Open 2024"]
[Site "Florianopolis"]
[Date "2024.01.28"]
[Round "10.58"]
[White "Oliveira, Tiago Batista"]
[Black "Dos Santos, Leonardo Lopes"]
[Result "1-0"]
[WhiteElo "1953"]
[BlackElo "1664"]
[PlyCount "75"]
[EventDate "2024.01.20"]
[EventRounds "10"]
[EventCountry "BRA"]

1. Nf3 Nf6 2. c4 g6 3. Nc3 c5 4. e4 d6 5. d4 cxd4 6. Nxd4 Bg7 7. Be2 Nc6 8. Be3
Bd7 9. O-O O-O 10. Rc1 Rc8 11. h3 a6 ({RR} 11... Qa5 12. Nb3 Qd8 13. c5 Be6 14.
cxd6 Qxd6 15. Nc5 b6 16. Qxd6 exd6 17. Nxe6 fxe6 18. Rfd1 Rfd8 19. Bc4 Kf7 20.
Ba6 Rb8 21. a3 Ne7 22. b4 Ne8 23. Nb5 d5 24. Bg5 Bf6 25. Bxf6 Kxf6 26. Re1 {
Pavlidis,A (2564)-Pavlidis,A (2362) Rio (Achaia) GRE 2018 0-1 (58)}) 12. b3 ({
RR} 12. Nc2 Qa5 13. f4 Be6 14. Na3 Qb4 15. Qd2 Qa5 16. Bd3 Nh5 17. f5 Bd7 18.
Qf2 Ne5 19. Be2 Nf6 20. g4 Bc6 21. Bb6 Qb4 22. Nc2 Qxb2 23. Bd4 Nfd7 24. Nd5
Qxa2 25. Nxe7+ Kh8 26. Nxc8 Rxc8 {Stoyanov,T (2396)-Hardaway,B (2027) chess.
com INT 2021 1-0 (31)}) 12... Re8 13. Kh1 $146 ({RR} 13. Qd2 Qa5 14. Rfd1 Nxd4
15. Bxd4 b5 16. f3 bxc4 17. bxc4 Be6 18. Nb1 Qxd2 19. Nxd2 Nd7 20. Bxg7 Kxg7
21. Nb3 Nc5 22. Rd2 Rc7 23. Nd4 Rb8 24. Nxe6+ Nxe6 25. Rcc2 Rcb7 26. Kf2 Rb1
27. g3 g5 {Glaser,W (2120)-Vuckovic,A (2280) Bayern 1996 0-1 (41)}) 13... Nxd4
14. Bxd4 Be6 15. Qd3 Nd7 16. Bxg7 Kxg7 17. Rce1 Nc5 18. Qd4+ f6 19. Bg4 Bd7 20.
Bxd7 Qxd7 21. f4 Red8 22. f5 b5 23. Nd5 Qe8 24. g4 g5 25. h4 h6 26. hxg5 hxg5
27. Kg2 Qf7 28. Rh1 Nd7 29. Rh5 Ne5 30. Reh1 Rh8 31. Nb6 Rxh5 32. Rxh5 Nxg4 33.
Rxg5+ Kh7 34. Rxg4 Qh5 35. Rg6 Qe2+ 36. Kg3 Qe1+ 37. Qf2 Qc3+ 38. Kg2 1-0

[Event "Floripa Chess Open 2024"]
[Site "Florianopolis"]
[Date "2024.01.28"]
[Round "10.59"]
[White "Lutz, Igor Oscar"]
[Black "Da Silva, Esequiel Luis Melo"]
[Result "1-0"]
[WhiteElo "1947"]
[BlackElo "1647"]
[PlyCount "43"]
[EventDate "2024.01.20"]
[EventRounds "10"]
[EventCountry "BRA"]

1. d4 d5 2. c4 e6 3. Nf3 Nf6 4. g3 c5 5. cxd5 cxd4 6. Bg2 Qxd5 7. Qxd4 Nc6 8.
Qxd5 Nxd5 9. O-O Ncb4 $146 ({RR} 9... b6 10. Bd2 Ba6 11. Rc1 Rc8 12. a3 Be7 13.
Nc3 Nc7 14. b4 O-O 15. Rc2 Nb5 16. Nxb5 Bxb5 17. Rac1 Bd6 18. Bf4 Bxf4 19. gxf4
Rfd8 20. e3 Ba4 21. Rc3 Ne7 22. Nd4 Rxc3 23. Rxc3 Rc8 24. Rxc8+ {Leiva
Rodriguez,J (2388)-Mekhitarian,K (2551) Cochabamba 2013 1-0 (56)}) 10. Na3 Be7
11. Bd2 O-O 12. Nc4 b5 13. Nce5 f6 14. a3 Na6 15. Nc6 Bc5 16. b4 Bb6 17. e4
Ndc7 18. e5 Bb7 19. Rac1 Kf7 20. exf6 gxf6 21. Rfe1 Nb8 22. Nfe5+ 1-0

[Event "Floripa Chess Open 2024"]
[Site "Florianopolis"]
[Date "2024.01.28"]
[Round "10.60"]
[White "Monteiro, Samuel Ramazzotte"]
[Black "Carvalho Jr, Celestino"]
[Result "1/2-1/2"]
[WhiteElo "1540"]
[BlackElo "1939"]
[PlyCount "62"]
[EventDate "2024.01.20"]
[EventRounds "10"]
[EventCountry "BRA"]

1. Nf3 d5 2. g3 Nc6 3. Bg2 Nf6 4. O-O h6 5. d3 e5 6. Nbd2 Be6 7. e4 d4 ({RR} 
7... dxe4 8. Nxe4 Nxe4 9. dxe4 Qxd1 10. Rxd1 Rd8 11. Bd2 Bc5 12. Bc3 f6 13. a3
Kf7 14. h3 a6 15. Bf1 Rd6 16. Rxd6 cxd6 17. Rd1 Rd8 18. b4 Ba7 19. Bb2 d5 20.
exd5 Rxd5 21. Rxd5 Bxd5 22. Nd2 {Cordova,E (2571)-Bartel,M (2635) chess24.com
INT 2019 1/2-1/2 (44)}) 8. Nh4 Nd7 $146 ({RR} 8... Qd7 9. f4 exf4 10. gxf4 Bg4
11. Bf3 g5 12. Bxg4 Nxg4 13. Nf5 Ne3 14. Nxe3 dxe3 15. Nc4 gxf4 16. Rxf4 Rg8+
17. Kh1 b5 18. Nxe3 O-O-O 19. Nd5 Qh3 20. Qf1 Qxf1+ 21. Rxf1 Bc5 22. Be3 Bxe3
23. Nxe3 {Gromala,R (1648)-Litowski,J (1815) Karpacz 2010 1-0 (41)}) 9. h3 g6
10. Qe2 Be7 11. Ndf3 Nb6 12. c3 Qd7 13. Kh2 g5 14. Nf5 Bxf5 15. exf5 Qxf5 16.
g4 Qf6 17. Re1 O-O-O 18. c4 Bd6 19. Nd2 e4+ 20. Kg1 exd3 21. Qxd3 Nb4 22. Qe4
c6 23. b3 Rhe8 24. Qxe8 Rxe8 25. Rxe8+ Kd7 26. Ne4 Qg6 27. Rg8 Qe6 28. c5 Be5
29. cxb6 axb6 30. Bd2 d3 31. Rd1 Nd5 1/2-1/2

[Event "Floripa Chess Open 2024"]
[Site "Florianopolis"]
[Date "2024.01.28"]
[Round "10.61"]
[White "Takano, Nicholas Ryo"]
[Black "Deretti, Lucas Jurk"]
[Result "1-0"]
[WhiteElo "2172"]
[BlackElo "1548"]
[PlyCount "67"]
[EventDate "2024.01.20"]
[EventRounds "10"]
[EventCountry "BRA"]

1. e4 c5 2. Nf3 d6 3. d4 cxd4 4. Nxd4 Nf6 5. Nc3 a6 6. Be3 e5 7. Nb3 Be6 8. f3
h5 9. Qd2 Nbd7 10. Nd5 Bxd5 11. exd5 g6 12. Be2 Bg7 13. Na5 Qc7 14. c4 b6 15.
Nc6 Nb8 16. Nxb8 Rxb8 17. O-O O-O 18. Rac1 ({RR} 18. b4 Qb7 19. Rfd1 Rfd8 20.
a4 Rd7 21. a5 bxa5 22. b5 axb5 23. cxb5 e4 24. Rxa5 exf3 25. gxf3 Re8 26. Ra7
Qb8 27. b6 Bh6 28. Ra8 Bxe3+ 29. Qxe3 Qxa8 {0-1 (29) Do Valle Cardoso,L (2285)
-Dos Anjos,A (1923) Cuiaba MT 2021}) 18... a5 19. a3 a4 $146 ({RR} 19... Nd7
20. Bd1 f5 21. b4 axb4 22. axb4 Ra8 23. c5 bxc5 24. bxc5 Nxc5 25. Bxc5 dxc5 26.
d6 Qa7 27. Qd5+ Kh7 28. Be2 Rfd8 29. Rb1 Rab8 30. Bc4 Rb4 31. Ra1 Qb7 32. Qe6
e4 33. Ra6 exf3 34. gxf3 {Espineira Gonzalez,D (2368)-Petkov,V (2498)
Pontevedra 2017 1-0 (36)}) 20. Bd1 Nd7 21. Bxa4 Nc5 22. Bc2 f5 23. b4 Nd7 24.
Bb1 f4 25. Bf2 g5 26. Qd3 Nf6 27. c5 bxc5 28. bxc5 dxc5 29. Rxc5 Qd6 30. Rc6
Qd7 31. Qg6 Rf7 32. Bf5 Qxd5 33. Rfc1 Re8 34. Rxf6 1-0